000
00321nam a2200109Ia 4500
001
589018
005
20250717120841.0
008
250717s9999 xx 000 0 und d
245
0
_a
U-11 PEYGAMBERİMİZ HAZRETİ MUHAMMEDİN HAYATI
_c
AMİNE KEVSER KARACA
260
_b
TÜRKİYE DİYANET VAKFI YAYINLARI
_c
2020
300
_b
32
999
_c
589018
_d
589018